Modern actuarial theory and practice

Αποθηκεύτηκε σε:
Λεπτομέρειες βιβλιογραφικής εγγραφής
Άλλοι συγγραφείς: Booth, P. (Philip), 1964- (Επιμελητής έκδοσης)
Μορφή: Βιβλίο
Γλώσσα:English
Δημοσίευση: Boca Raton, Fla. : Chapman & Hall/CRC, c1999.
Θέματα:
Ετικέτες: Προσθήκη ετικέτας
Δεν υπάρχουν, Καταχωρήστε ετικέτα πρώτοι!

MARC

LEADER 00000cam a2200000 i 4500
001 1/47533
008 000321s1999 us ||| | eng||
020 |a 0849303885 
035 |l 10072095 
040 |a GR-MyUA  |b gre  |e AACR2 
041 0 |a eng 
082 0 |a 368.01  
245 1 0 |a Modern actuarial theory and practice /   |c P. Booth...[κ. ά.] 
260 |a Boca Raton, Fla. :   |b Chapman & Hall/CRC,   |c c1999. 
300 |a xiii, 716 σ. :   |b εικ. ;   |c 25 εκ.  
504 |a Περιέχει βιβλιογραφικές αναφορές και ευρετήρια.  
650 0 0 |a Insurance  |x Mathematics. 
700 1 |a Booth, P.   |q (Philip),   |d 1964-  |e edt 
852 |a INST  |b SAMOS  |e 20000321  |h 368.01 MOD  |p 005300015453  |q 005300015453  |t BK  |y 12 
852 |a INST  |b SAMOS  |e 20040126  |h 368.01 MOD  |p 005300023480  |q 005300023480  |t BK  |y 0 
901 |a BIBL3-2004-1 
901 |a BIBL3-2000-1 
909 |a Σ  |b 108171 
909 |a Σ  |b 067668 
922 |a 3ΕΛΗ  |b 200307  |c ΚΥΒ/ΒΙΒΛΙΟΘΗΚΗ  |d LEADER 
922 |a 3ΕΛΗ  |b 200002  |c ΕΠΕΑΕΚ/ΜΑΘ  |d ΠΑΠΑΣΩΤΗΡΙΟΥ 
950 |a 127-2003-07-07 
970 |a ΚΟΣΙΕΡΗΣ  |b ΧΡΗΣΤΟΣ  |z 2004/01/28